000 00641nam a2200217 a 4500
001 000017705
003 DO-SdBNP
005 20240322181140.0
008 100330s19UU dr 001 0 spa d
040 _aDO-SdBNP
_bspa
_cBNPHU
082 4 _a232
_bN789L
_222
100 1 _aNolasco, Flérida de,
_d1891-1976
_935151
245 1 0 _aLuminarias en vela /
_cFlérida de Nolasco.
260 _aSanto Domingo :
_bAmigo del Hogar,
_c[198?].
300 _a158 p. ;
_c19 cm.
590 _aInventariado, 2018/VM
600 0 4 _aJesucristo
_9444
650 4 _aIglesia católica
_91307
910 _aValidado. Control de calidad MFF
942 _2ddc
_cLBS1
999 _c17230
_d17230